The Identification of the Genetic Components of Autism Spectrum Disorders 2017 (Record no. 29211)

MARC details
000 -LEADER
fixed length control field 00669nam a2200121Ia 4500
008 - FIXED-LENGTH DATA ELEMENTS--GENERAL INFORMATION
fixed length control field 220620s9999||||xx |||||||||||||| ||und||
100 ## - MAIN ENTRY--PERSONAL NAME
Personal name Merlin G. Butler (Ed.)
245 #4 - TITLE STATEMENT
Title The Identification of the Genetic Components of Autism Spectrum Disorders 2017
546 ## - LANGUAGE NOTE
Language note English[eng]
650 ## - SUBJECT ADDED ENTRY--TOPICAL TERM
Topical term or geographic name entry element genetic||treatment||genes||biomarkers||copy number variants and mutations||genetic factors||next generation DNA exome sequencing and functional analysis||autism and autism spectrum disorders||causation and etiology||reviews||neurodevelopment and physiology testing||syndromes||environmental risk factors
856 ## - ELECTRONIC LOCATION AND ACCESS
Uniform Resource Identifier <a href="http://www.mdpi.com/books/pdfview/book/374">http://www.mdpi.com/books/pdfview/book/374</a>
942 ## - ADDED ENTRY ELEMENTS (KOHA)
Koha item type E-Books
Holdings
Withdrawn status Lost status Damaged status Not for loan Home library Current library Date acquired Total Checkouts Date last seen Price effective from Koha item type
        Kerala University of Digital Sciences, Innovation and Technology Knowledge Centre Kerala University of Digital Sciences, Innovation and Technology Knowledge Centre 20/06/2022   20/06/2022 20/06/2022 E-Books